Bilinear stochastic models and related problems of nonlinear time series analysis: a frequency domain approach
Saved in:
| Hovedforfatter: | |
|---|---|
| Format: | Bog |
| Sprog: | engelsk |
| Udgivet: |
Nueva York
Springer
1999
|
| Udgivelse: | 1a. ed |
| Serier: | Lecture Notes in Statistics, 142
|
| Fag: | |
| Tags: |
Tilføj Tag
Ingen Tags, Vær først til at tagge denne postø!
|
MARC
| LEADER | 00000nam a2200000 a 4500 | ||
|---|---|---|---|
| 001 | UCI4901 | ||
| 003 | CL-VaPUC | ||
| 008 | 080307e19990000US |||||||||||||||||eng|d | ||
| 020 | |a 0387988726 | ||
| 082 | 0 | 4 | |a 519.55 |b TER |2 21 |
| 100 | 0 | |a Terdik, György |e author |9 526979 | |
| 245 | 1 | 0 | |a Bilinear stochastic models and related problems of nonlinear time series analysis: a frequency domain approach |
| 250 | |a 1a. ed | ||
| 300 | |a 260 p | ||
| 942 | |c BK | ||
| 945 | |d 20080307 00:00:00 |a cmena | ||
| 260 | |a Nueva York |b Springer |c 1999 | ||
| 650 | 0 | |a Análisis de series de tiempo |9 260363 | |
| 650 | 0 | |a Estadística matemática |9 260028 | |
| 650 | 0 | |a Análisis estadístico |9 269506 | |
| 650 | 0 | |a Teorías no lineales |9 270892 | |
| 583 | |a last modification |c 20080307 00:00:00 |k Rodrigo Vera | ||
| 490 | 0 | |a Lecture Notes in Statistics, 142 | |
| 999 | |c 328737 |d 328735 | ||
| 952 | |0 0 |1 0 |4 0 |6 519_550000000000000_TER_1999 |7 0 |8 A |9 412809 |a BIBGIM |b BIBGIM |d 2019-11-22 |i 4411978 |o 519.55 TER 1999 |p 4411978 |r 2025-01-15 |w 2019-11-22 |y BK |k EST | ||